[Event "DVM U20 2021"]
[Site "Kiel GER"]
[Date "2022.07.23"]
[Round "2"]
[White "Astner, Sebastian"]
[Black "Günther, Emil"]
[Result "1/2-1/2"]
[Termination "normal"]
[Board "7.4"]
[WhiteElo "1888"]
[BlackElo "1799"]
[WhiteClock "00:51:34"]
[BlackClock "00:50:15"]
[WhiteTeam "FC Ergolding 1932 e.V."]
[BlackTeam "SK Doppelbauer Kiel"]
[PlyCount "142"]
[WhiteFideId "12979422"]
[BlackFideId "16228154"]
[EventCountry "GER"]
[EventRounds "7"]
[EventType "team-swiss"]
[EventDate "2022.07.22"]

1. e4 {[%clk 01:30:58]} {[%emt 00:00:02]} e5 {[%clk 01:30:56]} {[%emt
00:00:05]} 2. Nf3 {[%clk 01:31:23]} {[%emt 00:00:04]} Nf6 {[%clk 01:31:24]}
{[%emt 00:00:02]} 3. d4 {[%clk 01:31:43]} {[%emt 00:00:11]} Nxe4 {[%clk
01:31:45]} {[%emt 00:00:08]} 4. dxe5 {[%clk 01:32:01]} {[%emt 00:00:12]} d5
{[%clk 01:31:39]} {[%emt 00:00:35]} 5. exd6 {[%clk 01:31:48]} {[%emt 00:00:44]}
Nxd6 {[%clk 01:31:58]} {[%emt 00:00:11]} 6. Bd3 {[%clk 01:31:39]} {[%emt
00:00:38]} Be7 {[%clk 01:32:22]} {[%emt 00:00:07]} 7. O-O {[%clk 01:31:44]}
{[%emt 00:00:25]} O-O {[%clk 01:32:42]} {[%emt 00:00:10]} 8. h3 {[%clk
01:31:38]} {[%emt 00:00:37]} Bf5 {[%clk 01:32:45]} {[%emt 00:00:27]} 9. Nc3
{[%clk 01:31:04]} {[%emt 00:01:04]} Nc6 {[%clk 01:28:00]} {[%emt 00:05:16]} 10.
Nd5 {[%clk 01:30:08]} {[%emt 00:01:26]} Bxd3 {[%clk 01:27:33]} {[%emt
00:00:57]} 11. Qxd3 {[%clk 01:30:23]} {[%emt 00:00:15]} Re8 {[%clk 01:27:11]}
{[%emt 00:00:51]} 12. Bd2 {[%clk 01:29:51]} {[%emt 00:01:02]} Bf6 {[%clk
01:25:18]} {[%emt 00:02:22]} 13. Nxf6+ {[%clk 01:29:27]} {[%emt 00:00:55]} Qxf6
{[%clk 01:25:42]} {[%emt 00:00:05]} 14. Bc3 {[%clk 01:29:19]} {[%emt 00:00:39]}
Qg6 {[%clk 01:26:05]} {[%emt 00:00:07]} 15. Qxg6 {[%clk 01:28:35]} {[%emt
00:01:14]} hxg6 {[%clk 01:26:28]} {[%emt 00:00:07]} 16. Rfe1 {[%clk 01:26:59]}
{[%emt 00:02:06]} Ne4 {[%clk 01:26:02]} {[%emt 00:00:56]} 17. Bd4 {[%clk
01:26:45]} {[%emt 00:00:44]} Nxd4 {[%clk 01:26:07]} {[%emt 00:00:25]} 18. Nxd4
{[%clk 01:27:08]} {[%emt 00:00:07]} c6 {[%clk 01:25:16]} {[%emt 00:01:21]} 19.
Re3 {[%clk 01:25:33]} {[%emt 00:02:05]} Nc5 {[%clk 01:23:38]} {[%emt 00:02:07]}
20. Rae1 {[%clk 01:24:37]} {[%emt 00:01:27]} Rxe3 {[%clk 01:23:58]} {[%emt
00:00:10]} 21. Rxe3 {[%clk 01:25:02]} {[%emt 00:00:05]} Kf8 {[%clk 01:24:19]}
{[%emt 00:00:09]} 22. Nf3 {[%clk 01:17:13]} {[%emt 00:08:19]} Rd8 {[%clk
01:24:32]} {[%emt 00:00:16]} 23. Kf1 {[%clk 01:17:12]} {[%emt 00:00:31]} Ne6
{[%clk 01:21:37]} {[%emt 00:03:24]} 24. g3 {[%clk 01:14:36]} {[%emt 00:03:06]}
Rd1+ {[%clk 01:21:19]} {[%emt 00:00:48]} 25. Ke2 {[%clk 01:14:44]} {[%emt
00:00:23]} Rd5 {[%clk 01:20:21]} {[%emt 00:01:28]} 26. c3 {[%clk 01:13:56]}
{[%emt 00:01:18]} Rb5 {[%clk 01:18:48]} {[%emt 00:02:02]} 27. b4 {[%clk
01:12:52]} {[%emt 00:01:34]} c5 {[%clk 01:17:58]} {[%emt 00:01:19]} 28. a4
{[%clk 01:11:31]} {[%emt 00:01:51]} Rb6 {[%clk 01:18:21]} {[%emt 00:00:07]} 29.
Ne5 {[%clk 01:11:18]} {[%emt 00:00:44]} Ke8 {[%clk 01:17:45]} {[%emt 00:01:05]}
30. b5 {[%clk 01:11:13]} {[%emt 00:00:35]} Rd6 {[%clk 01:16:50]} {[%emt
00:01:25]} 31. Nc4 {[%clk 01:10:42]} {[%emt 00:01:02]} Rd8 {[%clk 01:16:02]}
{[%emt 00:01:18]} 32. f4 {[%clk 01:09:32]} {[%emt 00:01:40]} Ke7 {[%clk
01:14:45]} {[%emt 00:01:47]} 33. Kf3 {[%clk 01:08:41]} {[%emt 00:01:21]} Rd1
{[%clk 01:14:28]} {[%emt 00:00:46]} 34. Na5 {[%clk 01:08:00]} {[%emt 00:01:11]}
Rd7 {[%clk 01:11:06]} {[%emt 00:03:52]} 35. g4 {[%clk 01:07:12]} {[%emt
00:01:19]} Kd8 {[%clk 01:10:34]} {[%emt 00:01:02]} 36. Nc4 {[%clk 01:06:22]}
{[%emt 00:01:20]} Rd1 {[%clk 01:08:28]} {[%emt 00:02:35]} 37. Ne5 {[%clk
01:05:56]} {[%emt 00:00:56]} Ke7 {[%clk 01:07:31]} {[%emt 00:01:27]} 38. f5
{[%clk 00:58:47]} {[%emt 00:07:39]} gxf5 {[%clk 01:07:51]} {[%emt 00:00:09]}
39. gxf5 {[%clk 00:59:06]} {[%emt 00:00:12]} Rf1+ {[%clk 01:07:23]} {[%emt
00:00:58]} 40. Ke2 {[%clk 00:54:30]} {[%emt 00:05:06]} Rxf5 {[%clk 01:07:02]}
{[%emt 00:00:50]} 41. a5 {[%clk 00:53:49]} {[%emt 00:01:11]} Kd6 {[%clk
01:04:26]} {[%emt 00:03:06]} 42. Nc4+ {[%clk 00:51:51]} {[%emt 00:02:28]} Kd5
{[%clk 01:04:38]} {[%emt 00:00:18]} 43. Nd2 {[%clk 00:51:41]} {[%emt 00:00:40]}
Re5 {[%clk 00:57:36]} {[%emt 00:07:32]} 44. c4+ {[%clk 00:50:28]} {[%emt
00:01:43]} Kd6 {[%clk 00:57:52]} {[%emt 00:00:14]} 45. Ne4+ {[%clk 00:50:18]}
{[%emt 00:00:41]} Ke7 {[%clk 00:58:16]} {[%emt 00:00:05]} 46. Kf3 {[%clk
00:50:07]} {[%emt 00:00:41]} f5 {[%clk 00:58:31]} {[%emt 00:00:15]} 47. Nc3
{[%clk 00:49:42]} {[%emt 00:00:56]} Rxe3+ {[%clk 00:58:42]} {[%emt 00:00:18]}
48. Kxe3 {[%clk 00:50:05]} {[%emt 00:00:06]} Kd6 {[%clk 00:58:39]} {[%emt
00:00:33]} 49. Nd5 {[%clk 00:49:25]} {[%emt 00:01:11]} Ke5 {[%clk 00:56:39]}
{[%emt 00:02:31]} 50. a6 {[%clk 00:49:28]} {[%emt 00:00:26]} bxa6 {[%clk
00:56:52]} {[%emt 00:00:17]} 51. bxa6 {[%clk 00:49:52]} {[%emt 00:00:07]} Kd6
{[%clk 00:56:24]} {[%emt 00:00:58]} 52. h4 {[%clk 00:49:56]} {[%emt 00:00:26]}
Ke5 {[%clk 00:52:11]} {[%emt 00:04:43]} 53. h5 {[%clk 00:49:53]} {[%emt
00:00:34]} f4+ {[%clk 00:50:40]} {[%emt 00:02:01]} 54. Kf3 {[%clk 00:49:51]}
{[%emt 00:00:32]} Nd4+ {[%clk 00:50:19]} {[%emt 00:00:51]} 55. Kf2 {[%clk
00:49:50]} {[%emt 00:00:31]} Nc6 {[%clk 00:50:26]} {[%emt 00:00:23]} 56. Kf3
{[%clk 00:49:26]} {[%emt 00:00:54]} Kd4 {[%emt 00:02:51]} 57. Nxf4 {[%clk
00:49:07]} {[%emt 00:00:22]} Ne5+ {[%clk 00:47:22]} {[%emt 00:01:40]} 58. Ke2
{[%clk 00:48:58]} {[%emt 00:00:39]} Kxc4 {[%clk 00:47:25]} {[%emt 00:00:27]}
59. Ne6 {[%clk 00:48:49]} {[%emt 00:00:39]} Kb5 {[%clk 00:47:12]} {[%emt
00:00:42]} 60. Nxg7 {[%clk 00:49:12]} {[%emt 00:00:08]} Kxa6 {[%clk 00:47:28]}
{[%emt 00:00:13]} 61. h6 {[%clk 00:49:13]} {[%emt 00:00:29]} Kb5 {[%clk
00:47:09]} {[%emt 00:00:48]} 62. h7 {[%clk 00:49:37]} {[%emt 00:00:07]} Ng6
{[%clk 00:47:33]} {[%emt 00:00:06]} 63. Kd2 {[%clk 00:50:01]} {[%emt 00:00:07]}
Kb4 {[%emt 00:00:13]} 64. Kc2 {[%clk 00:50:21]} {[%emt 00:00:07]} a5 {[%clk
00:48:18]} {[%emt 00:00:05]} 65. Nf5 {[%clk 00:50:21]} {[%emt 00:00:30]} a4
{[%clk 00:48:36]} {[%emt 00:00:12]} 66. Kb2 {[%clk 00:50:17]} {[%emt 00:00:34]}
c4 {[%clk 00:48:56]} {[%emt 00:00:09]} 67. Ne3 {[%clk 00:50:40]} {[%emt
00:00:07]} Kc5 {[%clk 00:48:58]} {[%emt 00:00:28]} 68. Kc3 {[%clk 00:50:45]}
{[%emt 00:00:25]} Kd6 {[%clk 00:49:03]} {[%emt 00:00:25]} 69. Kxc4 {[%clk
00:50:57]} {[%emt 00:00:18]} Ke6 {[%clk 00:49:25]} {[%emt 00:00:09]} 70. Kb4
{[%clk 00:51:07]} {[%emt 00:00:20]} Kf7 {[%clk 00:49:49]} {[%emt 00:00:05]} 71.
Kxa4 {[%clk 00:51:34]} {[%emt 00:00:04]} Kg7 {[%clk 00:50:15]} 1/2-1/2

[Event "DVM U20 2021"]
[Site "Kiel GER"]
[Date "2022.07.23"]
[Round "2"]
[White "Steinbach, Julian"]
[Black "Sowka, Patrick"]
[Result "0-1"]
[Termination "normal"]
[Board "7.5"]
[WhiteElo "1685"]
[BlackElo "1598"]
[WhiteClock "00:53:01"]
[BlackClock "00:06:06"]
[WhiteTeam "SK Doppelbauer Kiel"]
[BlackTeam "FC Ergolding 1932 e.V."]
[PlyCount "62"]
[WhiteFideId "16247973"]
[BlackFideId "16234944"]
[EventCountry "GER"]
[EventRounds "7"]
[EventType "team-swiss"]
[EventDate "2022.07.22"]

1. e4 {[%clk 01:30:54]} {[%emt 00:00:05]} c5 {[%clk 01:30:52]} {[%emt
00:00:09]} 2. a3 {[%clk 01:30:45]} {[%emt 00:00:40]} e6 {[%clk 01:29:59]}
{[%emt 00:01:23]} 3. b4 {[%clk 01:31:07]} {[%emt 00:00:09]} cxb4 {[%clk
01:23:10]} {[%emt 00:07:18]} 4. axb4 {[%clk 01:31:31]} {[%emt 00:00:06]} Bxb4
{[%clk 01:23:18]} {[%emt 00:00:22]} 5. c3 {[%clk 01:31:56]} {[%emt 00:00:05]}
Be7 {[%clk 01:23:03]} {[%emt 00:00:45]} 6. d4 {[%clk 01:32:18]} {[%emt
00:00:08]} d6 {[%clk 01:18:51]} {[%emt 00:04:42]} 7. f4 {[%clk 01:31:53]}
{[%emt 00:00:55]} e5 {[%clk 01:11:32]} {[%emt 00:07:49]} 8. Nf3 {[%clk
01:32:08]} {[%emt 00:00:14]} Nf6 {[%clk 01:07:34]} {[%emt 00:04:28]} 9. d5
{[%clk 01:29:08]} {[%emt 00:03:31]} O-O {[%clk 01:02:56]} {[%emt 00:05:07]} 10.
Bd3 {[%clk 01:28:42]} {[%emt 00:00:57]} Nbd7 {[%clk 00:58:30]} {[%emt
00:04:56]} 11. O-O {[%clk 01:27:26]} {[%emt 00:01:46]} Qc7 {[%clk 00:53:32]}
{[%emt 00:05:28]} 12. Qe2 {[%clk 01:24:19]} {[%emt 00:03:37]} Nc5 {[%clk
00:49:07]} {[%emt 00:04:55]} 13. Na3 {[%clk 01:23:44]} {[%emt 00:01:05]} Nb3
{[%clk 00:45:07]} {[%emt 00:04:30]} 14. Nb5 {[%clk 01:23:13]} {[%emt 00:01:02]}
Nxc1 {[%clk 00:42:20]} {[%emt 00:03:17]} 15. Qe3 {[%clk 01:13:33]} {[%emt
00:10:10]} Qb8 {[%clk 00:34:40]} {[%emt 00:08:10]} 16. Qxc1 {[%clk 01:12:11]}
{[%emt 00:01:52]} a6 {[%clk 00:34:05]} {[%emt 00:01:04]} 17. Qa3 {[%clk
01:09:25]} {[%emt 00:03:17]} Re8 {[%clk 00:25:00]} {[%emt 00:09:35]} 18. fxe5
{[%clk 01:03:23]} {[%emt 00:06:32]} dxe5 {[%clk 00:24:37]} {[%emt 00:00:52]}
19. Qa5 {[%clk 01:02:41]} {[%emt 00:01:12]} Bd7 {[%clk 00:18:58]} {[%emt
00:06:09]} 20. Nc7 {[%clk 01:02:13]} {[%emt 00:00:59]} Bd8 {[%clk 00:18:51]}
{[%emt 00:00:37]} 21. d6 {[%clk 01:02:32]} {[%emt 00:00:11]} b6 {[%clk
00:18:40]} {[%emt 00:00:41]} 22. Qb4 {[%clk 01:02:03]} {[%emt 00:01:00]} Bxc7
{[%clk 00:17:26]} {[%emt 00:01:43]} 23. dxc7 {[%clk 01:02:25]} {[%emt
00:00:08]} Qxc7 {[%clk 00:17:55]} {[%emt 00:00:01]} 24. Rxa6 {[%clk 01:01:55]}
{[%emt 00:01:00]} Rxa6 {[%clk 00:10:18]} {[%emt 00:08:07]} 25. Bxa6 {[%clk
01:01:05]} {[%emt 00:01:20]} b5 {[%clk 00:08:31]} {[%emt 00:02:17]} 26. Kh1
{[%clk 00:57:35]} {[%emt 00:04:01]} Qb6 {[%clk 00:08:28]} {[%emt 00:00:33]} 27.
Ra1 {[%clk 00:57:15]} {[%emt 00:00:50]} Ra8 {[%clk 00:07:47]} {[%emt 00:01:12]}
28. Qa3 {[%clk 00:53:11]} {[%emt 00:04:34]} Nxe4 {[%clk 00:06:47]} {[%emt
00:01:29]} 29. h3 {[%clk 00:52:58]} {[%emt 00:00:44]} Nc5 {[%clk 00:05:45]}
{[%emt 00:01:32]} 30. Nxe5 {[%clk 00:52:43]} {[%emt 00:00:45]} Rxa6 {[%clk
00:05:46]} {[%emt 00:00:29]} 31. Nxd7 {[%clk 00:53:01]} {[%emt 00:00:12]} Rxa3
{[%clk 00:06:06]} {[%emt 00:00:10]} 0-1

[Event "DVM U20 2021"]
[Site "Kiel GER"]
[Date "2022.07.23"]
[Round "2"]
[White "Alexandrov, Dimitri"]
[Black "Woltmann, Peter"]
[Result "1-0"]
[Termination "normal"]
[Board "7.6"]
[WhiteElo "1785"]
[BlackElo "1556"]
[WhiteClock "00:02:15"]
[BlackClock "01:29:29"]
[WhiteTeam "FC Ergolding 1932 e.V."]
[BlackTeam "SK Doppelbauer Kiel"]
[PlyCount "117"]
[WhiteFideId "16249798"]
[BlackFideId "16269349"]
[EventCountry "GER"]
[EventRounds "7"]
[EventType "team-swiss"]
[EventDate "2022.07.22"]

1. e4 {[%clk 01:30:58]} {[%emt 00:00:02]} e5 {[%clk 01:30:53]} {[%emt
00:00:08]} 2. Nf3 {[%clk 01:31:24]} {[%emt 00:00:04]} Nc6 {[%clk 01:30:51]}
{[%emt 00:00:30]} 3. Bb5 {[%clk 01:31:42]} {[%emt 00:00:13]} d6 {[%clk
01:30:51]} {[%emt 00:00:30]} 4. c3 {[%clk 01:26:08]} {[%emt 00:06:04]} Nf6
{[%clk 01:30:19]} {[%emt 00:01:02]} 5. O-O {[%clk 01:24:41]} {[%emt 00:01:57]}
Nxe4 {[%clk 01:30:09]} {[%emt 00:00:40]} 6. d4 {[%clk 01:23:49]} {[%emt
00:01:22]} Bd7 {[%clk 01:28:56]} {[%emt 00:01:42]} 7. Re1 {[%clk 01:11:06]}
{[%emt 00:13:14]} Nf6 {[%clk 01:25:43]} {[%emt 00:03:44]} 8. dxe5 {[%clk
01:01:36]} {[%emt 00:09:59]} dxe5 {[%clk 01:26:00]} {[%emt 00:00:13]} 9. Nxe5
{[%clk 01:01:43]} {[%emt 00:00:23]} Be7 {[%clk 01:26:13]} {[%emt 00:00:17]} 10.
Nxd7 {[%clk 00:48:14]} {[%emt 00:13:59]} Qxd7 {[%clk 01:25:20]} {[%emt
00:01:23]} 11. Qxd7+ {[%clk 00:45:11]} {[%emt 00:03:32]} Nxd7 {[%clk 01:25:40]}
{[%emt 00:00:10]} 12. Bf4 {[%clk 00:44:08]} {[%emt 00:01:33]} a6 {[%clk
01:25:36]} {[%emt 00:00:34]} 13. Bxc6 {[%clk 00:43:29]} {[%emt 00:01:09]} bxc6
{[%clk 01:25:58]} {[%emt 00:00:08]} 14. Bxc7 {[%clk 00:42:35]} {[%emt
00:01:24]} Ra7 {[%clk 01:26:10]} {[%emt 00:00:18]} 15. Bd6 {[%clk 00:41:33]}
{[%emt 00:01:31]} Nf6 {[%clk 01:26:15]} {[%emt 00:00:26]} 16. Na3 {[%clk
00:39:46]} {[%emt 00:02:17]} Kd8 {[%clk 01:21:59]} {[%emt 00:04:46]} 17. Rad1
{[%clk 00:34:25]} {[%emt 00:05:51]} Bxd6 {[%clk 01:22:06]} {[%emt 00:00:24]}
18. Rxd6+ {[%clk 00:34:31]} {[%emt 00:00:23]} Rd7 {[%clk 01:22:19]} {[%emt
00:00:16]} 19. Nc4 {[%clk 00:31:19]} {[%emt 00:03:43]} Re8 {[%clk 01:20:36]}
{[%emt 00:02:13]} 20. Rxe8+ {[%clk 00:25:48]} {[%emt 00:06:01]} Kxe8 {[%clk
01:19:45]} {[%emt 00:01:20]} 21. Rxd7 {[%clk 00:24:54]} {[%emt 00:01:25]} Nxd7
{[%clk 01:19:58]} {[%emt 00:00:16]} 22. Nd6+ {[%clk 00:24:48]} {[%emt
00:00:36]} Ke7 {[%clk 01:20:10]} {[%emt 00:00:18]} 23. Nf5+ {[%clk 00:24:55]}
{[%emt 00:00:22]} Kf6 {[%clk 01:20:39]} {[%emt 00:00:02]} 24. Ne3 {[%clk
00:23:39]} {[%emt 00:01:47]} Ne5 {[%clk 01:20:32]} {[%emt 00:00:37]} 25. b4
{[%clk 00:15:40]} {[%emt 00:08:28]} Nd3 {[%clk 01:19:52]} {[%emt 00:01:11]} 26.
Kf1 {[%clk 00:15:14]} {[%emt 00:00:56]} Ke5 {[%clk 01:18:12]} {[%emt 00:02:10]}
27. a3 {[%clk 00:14:11]} {[%emt 00:01:33]} Ke4 {[%clk 01:17:21]} {[%emt
00:01:21]} 28. Ke2 {[%clk 00:14:12]} {[%emt 00:00:30]} Nf4+ {[%clk 01:15:10]}
{[%emt 00:02:41]} 29. Kd2 {[%clk 00:14:29]} {[%emt 00:00:12]} h5 {[%clk
01:13:23]} {[%emt 00:02:17]} 30. f3+ {[%clk 00:13:17]} {[%emt 00:01:42]} Ke5
{[%clk 01:13:12]} {[%emt 00:00:41]} 31. g3 {[%clk 00:12:05]} {[%emt 00:01:43]}
Ng6 {[%clk 01:13:06]} {[%emt 00:00:35]} 32. Nc4+ {[%clk 00:11:20]} {[%emt
00:01:15]} Kd5 {[%clk 01:12:49]} {[%emt 00:00:47]} 33. Nb6+ {[%clk 00:10:13]}
{[%emt 00:01:37]} Ke6 {[%clk 01:11:58]} {[%emt 00:01:22]} 34. f4 {[%clk
00:07:38]} {[%emt 00:03:05]} h4 {[%clk 01:12:12]} {[%emt 00:00:15]} 35. Kd3
{[%clk 00:06:18]} {[%emt 00:01:49]} Kf5 {[%clk 01:11:55]} {[%emt 00:00:48]} 36.
Ke3 {[%clk 00:04:53]} {[%emt 00:01:55]} Kg4 {[%clk 01:11:42]} {[%emt 00:00:43]}
37. Nd7 {[%clk 00:03:46]} {[%emt 00:01:37]} hxg3 {[%clk 01:10:56]} {[%emt
00:01:17]} 38. hxg3 {[%clk 00:03:46]} {[%emt 00:00:30]} Kxg3 {[%clk 01:11:13]}
{[%emt 00:00:12]} 39. f5 {[%clk 00:00:53]} {[%emt 00:03:23]} Ne7 {[%clk
01:11:26]} {[%emt 00:00:17]} 40. Ke4 {[%clk 00:00:34]} {[%emt 00:00:49]} g5
{[%clk 01:10:48]} {[%emt 00:01:08]} 41. fxg6 {[%clk 00:14:19]} {[%emt
00:16:45]} fxg6 {[%clk 01:40:31]} {[%emt 00:00:47]} 42. Nb8 {[%clk 00:12:19]}
{[%emt 00:02:30]} g5 {[%clk 01:39:53]} {[%emt 00:01:08]} 43. Nxa6 {[%clk
00:12:09]} {[%emt 00:00:40]} g4 {[%clk 01:40:02]} {[%emt 00:00:21]} 44. Nc5
{[%clk 00:12:08]} {[%emt 00:00:31]} Kh2 {[%clk 01:40:08]} {[%emt 00:00:24]} 45.
Nd3 {[%clk 00:11:44]} {[%emt 00:00:54]} g3 {[%clk 01:37:30]} {[%emt 00:03:09]}
46. Ne1 {[%clk 00:12:06]} {[%emt 00:00:07]} Nd5 {[%clk 01:35:56]} {[%emt
00:02:04]} 47. c4 {[%clk 00:11:16]} {[%emt 00:01:20]} Nb6 {[%clk 01:35:31]}
{[%emt 00:00:54]} 48. Kd3 {[%clk 00:09:06]} {[%emt 00:02:40]} Kg1 {[%clk
01:34:23]} {[%emt 00:01:39]} 49. c5 {[%clk 00:04:31]} {[%emt 00:05:05]} Nd5
{[%clk 01:34:26]} {[%emt 00:00:27]} 50. Ke2 {[%clk 00:04:12]} {[%emt 00:00:45]}
Nc3+ {[%clk 01:32:46]} {[%emt 00:02:12]} 51. Kf3 {[%clk 00:04:01]} {[%emt
00:00:42]} Kh2 {[%clk 01:31:38]} {[%emt 00:01:38]} 52. Kg4 {[%clk 00:02:56]}
{[%emt 00:01:35]} g2 {[%clk 01:31:38]} {[%emt 00:00:30]} 53. Nxg2 {[%clk
00:02:21]} {[%emt 00:01:05]} Kxg2 {[%clk 01:32:01]} {[%emt 00:00:08]} 54. Kf4
{[%clk 00:02:28]} {[%emt 00:00:22]} Nb5 {[%clk 01:31:18]} {[%emt 00:01:12]} 55.
a4 {[%clk 00:01:23]} {[%emt 00:01:35]} Nc3 {[%clk 01:31:29]} {[%emt 00:00:19]}
56. Ke5 {[%clk 00:01:29]} {[%emt 00:00:23]} Nxa4 {[%clk 01:30:47]} {[%emt
00:01:12]} 57. Kd6 {[%clk 00:01:52]} {[%emt 00:00:07]} Kf3 {[%clk 01:30:32]}
{[%emt 00:00:45]} 58. Kxc6 {[%clk 00:02:07]} {[%emt 00:00:16]} Nc3 {[%clk
01:29:29]} {[%emt 00:01:33]} 59. b5 {[%clk 00:02:15]} {[%emt 00:00:21]} 1-0

[Event "DVM U20 2021"]
[Site "Kiel GER"]
[Date "2022.07.24"]
[Round "3"]
[White "Suvorov, Alexander"]
[Black "Wübker, Paul-Luca"]
[Result "1-0"]
[Termination "normal"]
[Board "1.1"]
[WhiteTitle "FM"]
[WhiteElo "2371"]
[BlackElo "2157"]
[WhiteTeam "Schachgemeinschaft Porz e. V."]
[BlackTeam "Schachgesellschaft Bochum 1931"]
[PlyCount "49"]
[WhiteFideId "12977063"]
[BlackFideId "12939528"]
[EventCountry "GER"]
[EventRounds "7"]
[EventType "team-swiss"]
[EventDate "2022.07.22"]

1. d4 Nf6 2. c4 e6 3. Nf3 d5 4. Nc3 Be7 5. Bf4 O-O 6. e3 Nc6 7. Rc1 Nh5 8. Bg3
g6 9. cxd5 exd5 10. Qb3 Nxg3 11. hxg3 Be6 12. Qxb7 Nb4 13. Qb5 Bf5 14. Qa4 c5
15. a3 Rb8 16. axb4 Rxb4 17. Qxa7 Rxb2 18. Be2 cxd4 19. Nxd4 Bb4 20. O-O Qf6
21. Nxd5 Qg5 22. Qa1 Rxe2 23. Nxe2 Be7 24. f4 Qxf4 25. Nxe7# 1-0

[Event "DVM U20 2021"]
[Site "Kiel GER"]
[Date "2022.07.24"]
[Round "3"]
[White "Gallasch, Jonas"]
[Black "Biermann, Florian"]
[Result "1/2-1/2"]
[Termination "normal"]
[Board "1.3"]
[WhiteElo "2108"]
[BlackElo "2100"]
[WhiteTeam "Schachgemeinschaft Porz e. V."]
[BlackTeam "Schachgesellschaft Bochum 1931"]
[PlyCount "125"]
[WhiteFideId "16222474"]
[BlackFideId "12970069"]
[EventCountry "GER"]
[EventRounds "7"]
[EventType "team-swiss"]
[EventDate "2022.07.22"]

1. Nf3 f5 2. d4 Nf6 3. c4 g6 4. Nc3 Bg7 5. e3 O-O 6. b3 d6 7. Bb2 c6 8. Qc2 Na6
9. a3 Qe8 10. b4 e5 11. dxe5 dxe5 12. c5 Nc7 13. Bc4+ Kh8 14. O-O-O a5 15. Qb3
axb4 16. axb4 Ng4 17. Rd2 e4 18. Ng5 Ne5 19. h4 Qe7 20. Ne2 Nxc4 21. Qxc4 Ne6
22. Nf4 Nxf4 23. exf4 e3 24. fxe3 Qxe3 25. Rd1 h6 26. Nf3 Be6 27. Qd4 Bxd4 28.
Bxd4+ Qxd4 29. Rxd4 Ra1+ 30. Kd2 Ra2+ 31. Ke3 Bd5 32. R1d2 Rfa8 33. Ne5 Kg7 34.
g3 R8a3+ 35. R4d3 Rxd2 36. Kxd2 Ra2+ 37. Ke3 Rb2 38. Nd7 Rxb4 39. Nb6 Be6 40.
Rd8 Rb3+ 41. Rd3 Rb2 42. Ra3 Rg2 43. Kd4 Kf6 44. Re3 Rb2 45. Ra3 Rb4+ 46. Kd3
g5 47. hxg5+ hxg5 48. Ke3 g4 49. Rd3 Rb5 50. Kd4 Ra5 51. Rc3 Ra1 52. Re3 Rg1
53. Ra3 Rb1 54. Re3 Ba2 55. Nd7+ Kf7 56. Nb6 Rc1 57. Rc3 Re1 58. Re3 Rd1+ 59.
Rd3 Rg1 60. Re3 Bb1 61. Nc4 Rd1+ 62. Kc3 Rc1+ 0,5-0,5

[Event "DVM U20 2021"]
[Site "Kiel GER"]
[Date "2022.07.24"]
[Round "3"]
[White "Prieb, Robert"]
[Black "Perkampus, Laurin"]
[Result "1-0"]
[Termination "normal"]
[Board "1.4"]
[WhiteTitle "CM"]
[WhiteElo "2111"]
[BlackElo "2069"]
[WhiteClock "01:31:16"]
[BlackClock "01:31:11"]
[WhiteTeam "Schachgesellschaft Bochum 1931"]
[BlackTeam "Schachgemeinschaft Porz e. V."]
[PlyCount "107"]
[WhiteFideId "16212002"]
[BlackFideId "16232283"]
[EventCountry "GER"]
[EventRounds "7"]
[EventType "team-swiss"]
[EventDate "2022.07.22"]

1. d4 Nf6 2. c4 c5 3. d5 b5 4. cxb5 a6 5. b6 Qxb6 6. Nc3 d6 7. e4 g6 8. Nf3 Bg7
9. Be2 O-O 10. Nd2 Nbd7 11. O-O a5 12. Nc4 Qb8 13. a4 Ba6 14. Na3 Rc8 15. Bxa6
Rxa6 16. Qe2 Qb7 17. Nc4 Nb6 18. Rd1 Nfd7 19. Nxb6 Rxb6 20. Nb5 c4 21. Be3 Nc5
22. Bxc5 Rxc5 23. Rac1 Qc8 24. Rc2 c3 25. bxc3 Bxc3 26. Rdc1 Be5 27. Rxc5 dxc5
28. Qe3 Qb8 29. g3 Bd6 30. f4 f6 31. Re1 c4 32. Rc1 Qc8 33. Qe2 Qc5+ 34. Kg2 c3
35. Rxc3 Qb4 36. e5 fxe5 37. fxe5 Bc5 38. Rc4 Rxb5 39. Rxb4 Rxb4 40. Qc2 Bd4
41. d6 exd6 42. Qc8+ Kg7 43. e6 Bf6 44. Qd7+ Kh6 45. e7 Bxe7 46. Qxe7 Rxa4 47.
Qxd6 Rb4 48. Qf8+ Kh5 49. Qg7 h6 50. Qe5+ g5 51. Qe8+ Kg4 52. Qd7+ Kh5 53. Qf7+
Kg4 54. h3# 1-0

[Event "DVM U20 2021"]
[Site "Kiel GER"]
[Date "2022.07.24"]
[Round "3"]
[White "Mohammadi Nia, Borna"]
[Black "Gluma, Christian"]
[Result "1-0"]
[Termination "normal"]
[Board "1.5"]
[WhiteElo "2129"]
[BlackElo "2044"]
[WhiteTeam "Schachgemeinschaft Porz e. V."]
[BlackTeam "Schachgesellschaft Bochum 1931"]
[PlyCount "113"]
[WhiteFideId "16207319"]
[BlackFideId "16223209"]
[EventCountry "GER"]
[EventRounds "7"]
[EventType "team-swiss"]
[EventDate "2022.07.22"]

1. e4 g6 2. d4 Bg7 3. Nc3 c6 4. Bc4 d5 5. exd5 b5 6. Bb3 b4 7. Ne4 cxd5 8. Nc5
Nf6 9. Nf3 O-O 10. a3 bxa3 11. Rxa3 Nbd7 12. Nd3 Nb6 13. Nde5 Qd6 14. O-O Bf5
15. h3 Nfd7 16. Bf4 Nxe5 17. Nxe5 Nd7 18. g4 g5 19. Nxd7 Qxf4 20. gxf5 Bxd4 21.
Qg4 Rfd8 22. Qxf4 gxf4 23. c3 Bxc3 24. bxc3 Rxd7 25. Ra4 Rc8 26. Rc1 Kg7 27.
Rxf4 Kf6 28. Rf3 Rc5 29. Rd1 Rd6 30. Rfd3 Ke5 31. Kg2 a5 32. Kf3 Rb5 33. Ba2 a4
34. Ke3 e6 35. fxe6 fxe6 36. R1d2 Rc6 37. f4+ Kf5 38. Rc2 Rbc5 39. Bb1 Kf6 40.
Kd2 Rb6 41. Ba2 Ra5 42. Kc1 Ra7 43. Rg2 Rc7 44. Rdg3 Rb4 45. Rf3 Rb8 46. f5 Rd8
47. fxe6+ Kxe6 48. Re2+ Kd6 49. Bxd5 Rdc8 50. c4 Kc5 51. Rb2 Ra7 52. Kc2 Re8
53. Rb5+ Kd6 54. Rf6+ Ke5 55. Rf7 Ree7 56. Rxe7+ Rxe7 57. Rb7 1-0